La miseria del hombre

Guardat en:
Dades bibliogràfiques
Autor principal: Rojas, Gonzalo (Autor)
Format: Llibre
Idioma:espanyol
Publicat: Valparaíso Imprenta Roma 1948
Edició:1a. ed
Matèries:
Etiquetes: Afegir etiqueta
Sense etiquetes, Sigues el primer a etiquetar aquest registre!

MARC

LEADER 00000nam a2200000 a 4500
001 UCX5961
003 CL-VaPUC
008 930318e19480615CL |||||||||||||||||spa|d
082 0 4 |a Ch861  |b ROJ  |2 21 
100 0 |a Rojas, Gonzalo  |e author  |9 319345 
245 1 3 |a La miseria del hombre 
250 |a 1a. ed 
300 |a 130 p 
942 |c BK 
945 |d 19930318 00:00:00 
260 |a Valparaíso  |b Imprenta Roma  |c 1948 
500 |a En Btca. Budge, edición numerada y con autógrafo del autor 
650 0 |a Poesías chilenas   |9 265280 
583 |a last modification  |c 19930318 00:00:00  |k Rodrigo Vera 
999 |c 226072  |d 226070 
952 |0 0  |1 0  |4 0  |6 CH_861_000000000000000_ROJ_1948  |7 0  |8 X  |9 224164  |a FDOBUD  |b FDOBUD  |d 2019-11-15  |i 1003151  |o Ch861 ROJ 1948  |p 1003151  |r 2019-11-15  |w 2019-11-15  |y BK_X  |k BUD